Ecologies of power : countermapping the logistical landscapes & military geographies of the U.S. Department of Defense /

Saved in:
Bibliographic Details
Main Authors: Bélanger, Pierre, 1971- (Author), Arroyo, Alexander S. (Author)
Format: Book
Language:English
Published: Cambridge, Massachusetts, USA: The MIT Press, 2016.
Subjects:
Tags: Add Tag
No Tags, Be the first to tag this record!

MARC

LEADER 00000cam a2200000 i 4500
001 18932525
003 CL-VaPUC
005 20241126163355.0
008 160111s2016 mauab b 001 0 eng
999 |c 445066  |d 445064 
010 |a  2016001105 
020 |a 9780262529396 (hardcover : alk. paper) 
040 |a DLC  |b eng  |c Pontificia Universidad Católica de Valparaíso  |e rda  |d DLC 
042 |a pcc 
043 |a n-us--- 
050 0 0 |a UA26.A2  |b B45 2016 
082 0 0 |a 355.70973 BEL 2016  |2 23 
100 1 |a Bélanger, Pierre,  |d 1971-  |e author  |9 893791 
245 1 0 |a Ecologies of power :  |b countermapping the logistical landscapes & military geographies of the U.S. Department of Defense / 
246 3 0 |a Countermapping the logistical landscapes & military geographies of the U.S. Department of Defense 
260 |a Cambridge, Massachusetts, USA:  |b The MIT Press,  |c 2016. 
300 |a 448 pages :  |b illustrations (some color), maps (some color) ; 
504 |a Includes bibliographical references (pages 433-437) and index. 
583 |c 20241114 
610 1 0 |a Estados Unidos   |b Departamento de Defensa  |9 893792 
650 0 |a Bases Militares Estadounidenses  |9 893793 
650 0 |a Geografía militar  |z Estados Unidos   |9 893794 
700 1 |a Arroyo, Alexander S.,  |e author  |9 893795 
942 |2 ddc  |c BK 
952 |0 0  |1 0  |2 ddc  |4 0  |6 355_709730000000000_BEL_2016  |7 0  |8 A  |9 598006  |a BIBARQ  |b BIBARQ  |d 2024-11-14  |e 3  |g 30143.98  |i 5663277  |l 1  |o 355.70973 BEL 2016  |p 5663277  |r 2025-03-13  |s 2025-03-13  |t 1  |v 30143.98  |w 2024-11-14  |y BK  |k MAD